000 004570000a22001690004500
041 0 _aSPA
082 0 4 _aG 296.4 P694p
100 1 _aPixley, Jorge V.
245 1 0 _aPluralismo de tradiciones en la religión judía / Jorge V. Pixley
260 _aBuenos Aires, Argentina : La Aurora
300 _a133 Pag
001 9090
942 _cBK
999 _c39170
_d39170
336 _atexto
_btxt
_2rdacontent
337 _2rdamedia
_asin mediación
_bn
338 _2rdacarrier
_avolumen
_bnc